000 00415nam a22001697a 4500
999 _c10108
_d10108
005 20230807150114.0
008 230807b2020 vm ||||| |||| 00| 0 vie d
020 _a9786047783243
041 _avie
082 _bNG-A
100 _aNguyễn Anh Dũng
245 _aChìa khóa hạnh phúc /
260 _aTp. HCM :
_bThế Giới,
_c2020
300 _a154 tr. ;
_c20 cm.
911 _aYến
942 _2ddc
_cBK